241201 - Quiz quotidien du 1er décembre 2024 - Statistiques

Statistiques générales
  • Ce quiz a été pris 30 fois
  • Le résultat moyen est 6 sur 10
Statistiques - réponses
Question Réponse % Correct
Quel est le seul pays au monde à avoir un drapeau non rectangulaire ? Népal
100%
Quel prix est décerné au Festival de Cannes ? Palme d'Or
100%
En quel mois se déroule le premier jour de l'été en Australie ? Décembre
83%
Lequel de ces régions est le pays d'origine des Berbères ? Le Maghreb
83%
Lequel de ces villes a été fondée avant 1000 av. J.-C. ? Athènes
67%
Qui a composé les *Concertos Brandebourgeois* ? Bach
50%
Quel mot néerlandais décrit la terre récupérée sur la mer ou un fleuve ? Polder
50%
L'exposition à quel métal lourd cause la maladie des Chapeaux fous ? Mercure
42%
Qui a été le 2ème président des États-Unis ? John Adams
33%
"Le Bund" est un quartier historique du bord de mer dans quelle ville ? Shanghai
25%
Aucun quiz correspondant
Distribution des résultats
% des personnes avec chaque résultat
Percentile par nombre de réponses
Votre historique - résultats
Vous n’avez pas pris ce quiz